[Event "Chiltern League 2021 2022"]
[Site "?"]
[Date "2022.03.05"]
[Round "?.10"]
[White "Stuart, Graham"]
[Black "Staples, N."]
[Result "1/2-1/2"]
[Annotator "Graham Stuart"]
[WhiteElo "1771"]
[BlackElo "1828"]
[PlyCount "40"]
[GameId "428516491815"]
[EventDate "2022.03.06"]
[EventType "team"]
[WhiteTeam "Hants A"]
[BlackTeam "Oxon A"]

1. e4 g6 2. d4 Bg7 3. Nf3 d6 4. Be3 Nd7 5. Bc4 e6 6. Nc3 Ne7 7. Qd2 h6 8. O-O b6 {(2)} 9. Rfe1 {(34)} Bb7 10. Bd3 a6 11. h3 $1 {With Black's opening I think this is a good move, as stops Ng4 often. I wanted to see what Black's plan was rather than overextend.} b5 12. a4 b4 13. Ne2 a5 14. c3 $16 {(47)} Nf6 {(34)} 15. Ng3 bxc3 16. bxc3 Bc6 17. Bb5 $6 (17. c4 Qd7 (17... g5 18. e5 dxe5 19. Nxe5 O-O 20. Bc2 Nd7 21. Nxc6 Nxc6 22. Rad1) 18. d5 exd5 19. exd5 Bxa4 20. Ra3 {Did not think I could sac the pawn, but this seems to be very strong. But even with computer saying this is good, not as easy OTB.}) 17... Qd7 $2 18. c4 h5 19. e5 Nh7 20. Bf4 (20. Bh6 $3 O-O (20... Bxh6 21. Qxh6 Bxb5 22. axb5 d5 23. Qg7 Rf8 24. cxd5 Nxd5 25. Qxh7) 21. Bxg7 Kxg7 22. d5 exd5 (22... Bxb5 23. dxe6 fxe6 24. axb5 d5 25. Ne4 Qc8 26. Nc5 Rf7) 23. e6 Qe8 (23... fxe6 24. Nd4 dxc4 25. Nxe6+ Kh8 26. Nxf8)) 20... d5 $16 {Still good for white, I was worried about line where Knight gets to b4, but this is still very good for White.} (20... d5 21. Rec1 (21. Reb1 dxc4) (21. cxd5 Nxd5 22. Bxc6 Qxc6 23. Rec1 Qa6 24. Bh6 O-O 25. Bxg7 Kxg7 26. Ne4 Rfb8) 21... dxc4) 1/2-1/2

[Event "Chiltern League 2022 - 2023"]
[Site "?"]
[Date "2023.02.18"]
[Round "?.9"]
[White "Stuart, Graham"]
[Black "Neatherway, PA."]
[Result "1/2-1/2"]
[Annotator "Graham Stuart"]
[WhiteElo "1788"]
[BlackElo "1858"]
[PlyCount "39"]
[GameId "459485888877"]
[EventDate "2022.??.??"]
[EventType "team"]
[WhiteTeam "Hampshire"]
[BlackTeam "Oxfordshire"]

1. e4 {2:00} d5 2. exd5 Qxd5 3. Nc3 Qa5 4. d4 Nf6 5. Nf3 c6 6. Bd2 Bf5 7. Bc4 e6 {1:54} 8. O-O {1:46} (8. Ne5 {[#] This looks interesting} Nbd7 (8... Qc7 9. g4 Be4 10. Nxe4 Nxe4) 9. Nxd7 Nxd7 10. Qe2 Qb6 11. g4 Bg6 (11... Bxc2 12. O-O Qxd4 (12... Qd8 13. Bf4 Nb6 14. Nb5 Nxc4 15. Nc7+ Kd7) 13. Be3)) 8... Nbd7 9. Re1 (9. h3 Qc7) 9... Qc7 10. Qe2 {1:14} (10. Ng5 {Spent a long time looking at the sac's following Ng5. These are actually not awful, but either equal or slight advantage for Black.} Bd6 11. h3 (11. Bxe6 fxe6 12. Rxe6+ Bxe6 13. Nxe6 Qb8 (13... Qc8 14. Qf3 (14. Nxg7+ Kf7 15. Nf5 Qc7 16. Qe2 Rhe8 17. Qc4+ Kg6 18. Qd3 Kf7 19. Qc4+)) 14. Nxg7+ (14. Qe2 $11) 14... Kf7 15. Nf5 Bxh2+ $17) (11. Rxe6+ fxe6)) 10... Be7 11. Ng5 $6 (11. Nh4 Ng4) (11. Bb3) 11... O-O {1:28} 12. g3 $6 {0:56} Bd6 {1:24 Was concerned with my time used, but my opponent started to take more time now, but I was still quite a bit behind on the clock.} (12... h6 13. Nf3 $15) 13. Bd3 Bxd3 14. Qxd3 h6 15. Nge4 Nxe4 (15... Rad8 16. Nxd6 Qxd6 17. Bf4 Qe7 18. Rad1) 16. Nxe4 Rad8 17. Qe2 {0:42} Be7 {0:50} 18. Bf4 {0:32} Qb6 19. c3 Nf6 20. Nxf6+ {[#] Draw offered and accepted quite quickly, which surprised me. As he had beaten me before I thought he would play on. Position is evaluated as 0:00} (20. Nxf6+ Bxf6 21. b4 Rd5 22. a4 a5 23. Rab1 Qd8 24. Be3 b5 25. bxa5 bxa4) 1/2-1/2

[Event "Chiltern League 2022 - 2023"]
[Site "?"]
[Date "2023.03.11"]
[Round "?.7"]
[White "Beedle, Jon"]
[Black "Stuart, Graham"]
[Result "1-0"]
[Annotator "Graham Stuart"]
[WhiteElo "1914"]
[BlackElo "1797"]
[PlyCount "61"]
[GameId "461352016198"]
[EventDate "2022.??.??"]
[EventType "team"]
[WhiteTeam "Buckinghamshire"]
[BlackTeam "Hampshire"]

{Bucks were strong on the top boards and although ratings were not out I had the impression my opponent was a good player. In 2000 he was graded 197.} 1. d4 Nf6 2. c4 g6 3. h4 {[#] Spent quite a long time working out the best plan against this. I achieved a good position but probably took too long.} Bg7 4. Nc3 d6 (4... d5 {Was the other move I was looking at, but this seems to give White a better game.} 5. h5 $1) 5. e4 Nc6 6. d5 Ne5 7. Be2 {3} h5 {27 - Taken almost 30 mins, but following top recent games.} 8. Nf3 (8. Bf4 {Played against Carlson}) 8... Nxf3+ 9. gxf3 {7} c6 {39} (9... O-O {Black can castle now, but I was worried about f4.} 10. Be3 (10. f4 c6)) 10. Be3 Qa5 11. Qd2 Bd7 12. Rg1 (12. O-O cxd5 13. cxd5 O-O) 12... Rc8 13. dxc6 {30} Bxc6 $6 {64} (13... bxc6 $1 $11 {[#]} 14. Rg5 $2 (14. Rc1) 14... c5) 14. Rg5 Qc7 15. Rc1 (15. O-O-O) 15... a6 (15... O-O) 16. Rg1 Qd7 $1 17. Rg3 Qc7 $2 {Bad move, to move back to c7.} (17... O-O $1 $11 18. Kf1 (18. Qd3 Kh7) 18... Kh7) (17... Qe6 $2 {Was considering this, but this is worse than the move I played.}) (17... Qd8) 18. Nd5 Bxd5 {Have to give opponent the two Bishops, but still only a slight edge for White.} 19. exd5 $1 Nd7 $6 (19... O-O) 20. b3 Nc5 (20... Bf6) 21. b4 Na4 $2 (21... Nd7) 22. f4 Qd7 23. Bd4 Bxd4 24. Qxd4 Rf8 25. Re3 {87} Qc7 {110} 26. Kf1 b5 27. c5 dxc5 28. bxc5 Nxc5 29. d6 {Missed this, as thought he would win the Knight instead} (29. Rec3 Qd7 30. Rxc5 Qh3+ 31. Kg1 Rxc5 32. Rxc5) 29... Ne6 30. Rxc7 Rxc7 31. dxc7 1-0

[Event "Chiltern League 2022 - 2023"]
[Site "?"]
[Date "2022.10.29"]
[Round "?.11"]
[White "Edwards, D."]
[Black "Stuart, Graham"]
[Result "1/2-1/2"]
[Annotator "Graham Stuart"]
[WhiteElo "1702"]
[BlackElo "1770"]
[PlyCount "49"]
[GameId "449667675587"]
[EventDate "2022.??.??"]
[EventType "team"]
[WhiteTeam "Oxfordshire"]
[BlackTeam "Hampshire"]

1. c4 {120 min Board 11} Nf6 2. Nc3 g6 3. g3 Bg7 4. Bg2 O-O 5. e4 d6 6. Nge2 Nc6 {Other moves may be more flexible.} (6... c5) (6... e5) 7. O-O e5 8. d3 h6 $6 (8... Be6 {[#] Not normally the square for the Bishop, but with Knight on e2 rather than f3 this is a better move.} 9. h3 Qd7 10. Kh2 Ne8 11. f4 f5 12. exf5 Bxf5 13. g4 Be6 14. Ne4 Kh8) 9. h3 Kh7 {Think this turns out to be a bad square for King.} 10. Be3 Ne7 $6 {Looking to shore up with c6} (10... Nd7) 11. Qd2 c6 {94 min} 12. f4 {105 min} Nh5 13. f5 gxf5 $6 {I thought White's g pawn may be able to be taken, but once I looked in more depth this was not the case.} (13... Nf6) 14. exf5 d5 15. cxd5 cxd5 16. Bf2 $6 (16. Bc5 $1) 16... Bf6 $2 (16... d4 17. Ne4 Bxf5 18. g4 Bxe4 19. Bxe4+ f5 20. gxf5 Nf6 $11 {Could not calculate this deeply.}) 17. g4 Bg5 18. Qe1 {70 min} Nf4 $16 {50 min} 19. Nxf4 Bxf4 (19... exf4 {Is better, but not by much and looks an ugly move to play.}) 20. Ne2 $2 {Too passive, but I thought it was a good move at the time.} (20. Bc5 {Don't think either of us considered this, which looks very good for White.} Re8 21. Bxe7 Rxe7 22. Nxd5 Rd7 23. Nxf4 exf4 24. Be4) 20... Bg5 21. Ng3 f6 $2 (21... Qd6 $1 22. Nh5 Nc6 $14) 22. Nh5 Qe8 $2 (22... d4 23. h4 Be3 24. Bxe3 dxe3 25. Qxe3 Nc6) 23. Ng3 $2 (23. h4 {I was really worried by this, as thought I could sac on f5, but this just loses} Qd8 (23... Bxf5 24. hxg5 Bxg4 (24... Bxd3 25. Nxf6+ Rxf6 26. gxf6 Nc6 27. Bxd5 Bxf1 28. Qe4+ Qg6 29. Rxf1 Rf8) 25. Nxf6+ Rxf6 26. gxf6)) 23... Bd7 24. Be3 Bh4 {[#]} (24... Qf7 {Even position, but maybe playing on with this would be better?}) 25. Z0 (25. Bf2 Bg5 26. Be3 {Opponent was just going to repeat.}) 1/2-1/2

[Event "Chiltern League 2022 - 2023"]
[Site "?"]
[Date "2023.04.01"]
[Round "?"]
[White "Stuart, Graham"]
[Black "Lloyd, J."]
[Result "0-1"]
[Annotator "Graham Stuart"]
[WhiteElo "1776"]
[BlackElo "1833"]
[PlyCount "90"]
[GameId "463460884793"]
[EventDate "2022.??.??"]
[EventType "team"]
[WhiteTeam "Hampshire A"]
[BlackTeam "Berkshire A"]

1. e4 {(120) Board 8} c5 2. d4 cxd4 3. c3 dxc3 4. Nxc3 Nc6 5. Nf3 g6 6. Bc4 Bg7 7. O-O d6 8. Qe2 (8. e5 Nxe5 9. Nxe5 Bxe5 10. Qb3 e6 11. Re1 Bd7 12. Rxe5 dxe5 13. Be3 Bc6 14. Bc5 a6 15. Bxe6 fxe6 16. Qxe6+ Ne7 17. Qxe5) 8... Nf6 9. e5 dxe5 10. Nxe5 Nxe5 11. Qxe5 O-O {(98)} 12. Rd1 {(85)} Ng4 13. Bxf7+ Kh8 (13... Kxf7 14. Qf4+ Bf5 15. Rxd8) 14. Rxd8 Nxe5 15. Rxf8+ Bxf8 16. Bb3 $14 Bf5 17. Bd5 $2 (17. Bg5 Rd8 (17... Nd3 18. Nd5 e5 19. Ne3 h6 20. Bf6+ Bg7 21. Bxg7+ Kxg7 22. Rd1 e4 23. Bc2 Nxb2 24. Rb1 Nd3 25. Rxb7+ Kf6 26. Kf1) 18. h3) 17... Nd3 {(80)} 18. h3 {(40)} e6 19. Bxb7 Rb8 20. Be4 Nxc1 21. Rxc1 Rxb2 22. Bxf5 exf5 23. Rb1 $2 Rxb1+ 24. Nxb1 Bb4 25. Kf1 Kg7 26. Ke2 Kf6 27. Nd2 Ke5 28. Nf3+ Kd5 29. Kd3 Bc5 30. Ke2 (30. Ng5 h6 31. Nf7 Ke6 32. Nd8+ Ke5 33. f4+ Kxf4 34. Ne6+ Kg3 35. Nxc5 Kxg2 36. Ne6 Kxh3 37. Nf4+ Kg3 38. Nxg6) 30... Kc4 31. Nd2+ $4 Kc3 32. Nb3 Bb6 33. f3 Kb2 34. g4 Kxa2 35. Nc1+ Kb2 36. Nd3+ Kc3 37. gxf5 gxf5 38. h4 a5 39. Nf4 Bd8 40. h5 a4 41. Nd5+ Kb2 42. Kd3 a3 43. Nc3 Bf6 44. Na4+ Kb1 (44... Kb3 45. Nc5+) 45. Nc3+ (45. Nc5 a2 46. Nb3 a1=Q 47. Nxa1 Bxa1 48. f4 Kc1 49. Ke2 Kc2 50. Kf3 Kd3 51. h6 Bf6 52. Kg3 Ke3) 45... Kb2 0-1

[Event "WECU"]
[Site "?"]
[Date "2005.10.15"]
[Round "?"]
[White "Stinton-Browridge, H."]
[Black "Stuart, Graham"]
[Result "1-0"]
[Annotator "Graham Stuart"]
[WhiteElo "150"]
[BlackElo "140"]
[PlyCount "37"]
[GameId "324155152281"]
[EventDate "2005.10.15"]
[EventType "game"]
[WhiteTeam "Devon"]
[BlackTeam "Hampshire"]

1. e4 e6 2. c4 d5 3. exd5 exd5 4. d4 Bb4+ 5. Nc3 c6 6. cxd5 Qa5 7. Bd2 Bxc3 8. Bxc3 Qxd5 9. Nf3 Nf6 10. Bb4 a5 11. Ba3 Na6 $4 (11... b5 12. b3 b4 13. Bb2 O-O) 12. Bxa6 Rxa6 13. O-O Bg4 14. Re1+ Ne4 15. Qd3 f5 16. Nd2 Kd7 17. Nxe4 fxe4 18. Rxe4 Qg5 19. Qg3 1-0

[Event "WECU"]
[Site "?"]
[Date "2003.10.07"]
[Round "?"]
[White "Stuart, Graham"]
[Black "Kelly, WJ."]
[Result "1-0"]
[Annotator "Graham Stuart"]
[WhiteElo "138"]
[BlackElo "120"]
[PlyCount "117"]
[GameId "263080168576"]
[EventDate "2003.10.07"]
[EventType "match"]
[WhiteTeam "Hampshire"]
[BlackTeam "Dorset"]

1. e4 g6 2. d4 Bg7 3. Nc3 e6 4. Nf3 Ne7 5. Be3 b6 6. Qd2 d5 7. Bd3 Nd7 8. e5 a5 9. Bh6 O-O 10. h4 Nf5 $2 11. Bxf5 exf5 12. h5 g5 13. Bxg7 Kxg7 14. Nxg5 Re8 15. O-O-O h6 16. Nf3 $16 c6 17. Qf4 Nf8 18. Rh3 Be6 19. Nh4 Kh7 20. Rg3 Qd7 21. Rf3 Ra7 22. Nxf5 (22. Na4) 22... Bxf5 23. Qxf5+ Qxf5 24. Rxf5 Ne6 25. g4 Rg8 26. f3 Rg5 27. Rxg5 Nxg5 28. f4 Ne6 29. f5 Ng5 30. Rd3 b5 31. Ne2 Ne4 32. Rf3 Ng5 33. Re3 Ne4 34. Nf4 Re7 35. e6 fxe6 36. Nxe6 Kg8 37. Nc5 Kf7 38. Nxe4 dxe4 39. Kd2 Kf6 40. Rg3 Kg5 41. Ke3 Re8 42. b3 $6 Re7 43. c4 bxc4 44. bxc4 Re8 45. d5 cxd5 46. cxd5 Kf6 47. Kd4 Kg5 48. Re3 Kf4 49. f6 Kg5 50. Rxe4 Rf8 51. Kc5 Rc8+ 52. Kd4 Rf8 53. Kc5 Rc8+ 54. Kb6 Kxf6 55. d6 Rc2 56. d7 Rb2+ 57. Kc7 Rc2+ 58. Kd8 Rb2 59. Ke8 1-0

[Event "WECU"]
[Site "?"]
[Date "2004.01.31"]
[Round "?"]
[White "Senior, N."]
[Black "Stuart, Graham"]
[Result "1/2-1/2"]
[Annotator "Graham Stuart"]
[WhiteElo "129"]
[BlackElo "138"]
[PlyCount "82"]
[GameId "267417186164"]
[EventDate "2004.01.31"]
[EventType "game"]
[WhiteTeam "Somerset"]
[BlackTeam "Hampshire"]

1. d4 Nf6 2. Nf3 g6 3. e3 Bg7 4. Bd3 O-O 5. O-O d6 6. c3 c5 7. Nbd2 Nc6 8. Qc2 Bg4 9. h3 Bd7 10. Re1 Re8 11. dxc5 dxc5 12. e4 Nh5 13. Nf1 Ne5 14. Be2 Qc7 15. Nh4 Bf6 16. Nf5 c4 17. Nh6+ Kg7 18. Bxh5 gxh5 19. Ng3 Nd3 20. Nhf5+ Bxf5 21. Nxf5+ Kh8 22. Re2 Be5 23. Be3 e6 24. Nd4 Bxd4 25. cxd4 b5 26. a3 Rg8 27. e5 Qc6 28. f4 Qf3 (28... Rg3) 29. Kh1 Qg3 (29... Rxg2 30. Rxg2 Qxh3+ 31. Rh2 Qxe3) 30. Rf1 Rg6 31. Rf3 Qh4 32. Bf2 Nxf2+ 33. Rexf2 Rag8 34. f5 exf5 35. Rxf5 Qxd4 36. Rxf7 Qxe5 37. Rf8 (37. Rxa7) 37... Qe1+ (37... Rxg2 38. Rxg2 Rxf8 39. Qe2 Qxe2 40. Rxe2) 38. Kh2 Qe5+ 39. Kh1 $11 Qe1+ 40. Kh2 Qe7 41. Qc3+ Qg7 1/2-1/2

[Event "WECU"]
[Site "?"]
[Date "2004.03.13"]
[Round "?.15"]
[White "Stuart, Graham"]
[Black "Carver, R."]
[Result "1-0"]
[Annotator "Graham Stuart"]
[WhiteElo "138"]
[BlackElo "109"]
[PlyCount "105"]
[GameId "323247630111"]
[EventDate "2004.03.13"]
[EventType "game"]
[WhiteTeam "Hampshire"]
[BlackTeam "Wiltshire"]

1. e4 c5 2. d4 cxd4 3. c3 d5 4. exd5 Qxd5 5. cxd4 e6 6. Nf3 Nc6 7. a3 $6 (7. Nc3) 7... Nf6 8. Nc3 Qd8 9. Bc4 a6 10. b4 b5 11. Ba2 Bd6 12. O-O O-O 13. Bg5 h6 14. Bh4 Be7 15. Rc1 Bb7 16. Re1 Qb6 17. d5 $1 Rfd8 18. Qc2 (18. Qe2) 18... exd5 19. Bxf6 Bxf6 (19... Nxb4) 20. Nxd5 Rxd5 21. Bxd5 Nxb4 22. Bxf7+ Kxf7 23. Qc7+ (23. axb4) 23... Qxc7 24. Rxc7+ Kg6 25. Rxb7 Nc2 26. Re6 Nxa3 27. Rbb6 (27. Nh4+ Kh5 28. Nf5 Rc8 29. h3 Kg5 30. Nxg7 Bxg7 31. Rxg7+) 27... a5 28. g4 b4 29. Nd2 Kh7 30. Ra6 Rxa6 31. Rxa6 Bc3 32. Nb3 Nc4 33. Nxa5 Nd2 34. Rb6 Ne4 35. Nb3 Be1 36. Re6 Nd2 $2 (36... Bxf2+ 37. Kg2 Ng5 38. Re5 Bh4) 37. Rxe1 Nxb3 38. Rb1 Nd2 39. Rxb4 Nf3+ 40. Kg2 Nh4+ 41. Kg3 Ng6 42. f4 Ne7 43. h4 Ng8 44. g5 hxg5 45. fxg5 Kg6 46. Kg4 (46. Rb7) 46... Ne7 47. Rb6+ Kh7 48. Re6 Ng8 49. h5 Kh8 50. Kf5 Kh7 51. Re8 Kh8 52. Ke6 Kh7 53. Kf7 1-0

[Event "WECU"]
[Site "?"]
[Date "2006.01.07"]
[Round "?"]
[White "Barker, P."]
[Black "Stuart, Graham"]
[Result "0-1"]
[Annotator "Graham Stuart"]
[WhiteElo "127"]
[BlackElo "140"]
[PlyCount "116"]
[GameId "325903577272"]
[EventDate "2006.01.07"]
[EventType "game"]
[WhiteTeam "Gloucester"]
[BlackTeam "Hampshire"]

1. d4 Nf6 2. Nf3 g6 3. Bf4 Bg7 4. e3 O-O 5. h3 b6 6. Be2 Bb7 7. O-O d6 8. Nbd2 Nbd7 9. Nb3 Rc8 10. c3 e6 11. Nfd2 e5 12. Bg5 Qe8 13. f3 h6 14. Bxf6 Nxf6 15. Re1 Nh5 16. Nf1 Qe7 17. f4 Nf6 18. fxe5 dxe5 19. Ng3 exd4 20. exd4 Qe3+ 21. Kh2 Qf2 22. Bf3 Bxf3 23. Qxf3 Qxb2 24. Re2 Qa3 25. Qc6 Rfd8 26. Rae1 Qd6 27. Qxd6 Rxd6 (27... cxd6) 28. c4 Rcd8 29. Re7 R6d7 30. d5 Rxe7 31. Rxe7 Bf8 32. Re2 Bd6 33. Nd2 Nh5 34. Nde4 Nxg3 35. Nxg3 h5 36. h4 Kf8 (36... g5 37. Kh3 g4+ 38. Kh2) 37. Kh3 Re8 38. Rxe8+ Kxe8 39. Ne4 Ke7 40. Ng5 Kf6 41. g3 a6 42. Kg2 b5 43. cxb5 axb5 44. Kf3 Bb4 45. g4 hxg4+ 46. Kxg4 Kg7 47. Kf3 Be7 48. Kg4 Bxg5 49. Kxg5 f5 (49... f6+ 50. Kf4) 50. h5 gxh5 51. Kxf5 h4 52. Kg4 h3 53. Kxh3 Kf6 54. d6 cxd6 55. Kg3 Ke5 56. Kf3 Kd4 57. Ke2 Kc3 58. Kd1 Kb2 0-1

[Event "WECU"]
[Site "?"]
[Date "2007.01.20"]
[Round "?"]
[White "Stuart, Graham"]
[Black "Searing, G."]
[Result "1-0"]
[Annotator "Graham Stuart"]
[WhiteElo "140"]
[BlackElo "140"]
[PlyCount "27"]
[GameId "339021954757"]
[EventDate "2007.01.20"]
[EventType "game"]
[WhiteTeam "Hampshire"]
[BlackTeam "Dorset"]

1. e4 e6 2. d4 d5 3. Nc3 Bb4 4. e5 c5 5. a3 Bxc3+ 6. bxc3 Ne7 7. Bd3 Nbc6 8. Qg4 Ng6 9. h4 c4 $2 10. Bf1 $2 (10. Bxg6 hxg6 11. a4 Ne7 12. a5 (12. Nf3)) 10... O-O $2 11. h5 Nge7 $4 (11... f5 12. Qf3 Nh8 13. h6 g6) 12. Bh6 $1 Nf5 (12... Ng6 13. hxg6 fxg6 14. Bd2) 13. Bxg7 Qa5 14. Bf6+ 1-0

[Event "WECU"]
[Site "?"]
[Date "2008.01.19"]
[Round "?"]
[White "Stuart, Graham"]
[Black "Ingham, H William"]
[Result "1/2-1/2"]
[Annotator "Graham Stuart"]
[WhiteElo "142"]
[BlackElo "153"]
[PlyCount "47"]
[GameId "253878970891"]
[EventDate "2008.01.19"]
[EventType "team-match"]
[WhiteTeam "Hampshire"]
[BlackTeam "Devon"]

1. e4 d6 2. d4 Nf6 3. Nc3 c6 4. Nf3 Bg4 5. Be2 e6 6. O-O Be7 7. Be3 d5 8. e5 Nfd7 9. Nd2 Bxe2 10. Nxe2 c5 11. c3 Nc6 12. f4 Qb6 13. Rb1 cxd4 14. cxd4 Rc8 15. a3 a5 16. Nf3 Qa7 17. Qd3 Nb6 18. f5 Nc4 19. fxe6 fxe6 20. Kh1 (20. Bg5 $1 b5 21. Bxe7 Qxe7 22. h4) 20... Nxe3 21. Qxe3 Kd7 $2 (21... O-O) 22. Ng5 Nd8 23. Nc3 Qb6 24. Nf7 $2 (24. a4) 1/2-1/2

[Event "WECU"]
[Site "?"]
[Date "2005.12.03"]
[Round "?"]
[White "Stuart, Graham"]
[Black "Byrne, A."]
[Result "1-0"]
[Annotator "Graham Stuart"]
[WhiteElo "140"]
[BlackElo "127"]
[PlyCount "65"]
[GameId "325028835330"]
[EventDate "2005.12.03"]
[EventType "game"]
[WhiteTeam "Hampshire"]
[BlackTeam "Somerset"]

1. e4 c6 2. d4 d5 3. Nc3 dxe4 4. Nxe4 Nd7 5. Nf3 Ngf6 6. Ng3 e6 7. Bd3 Be7 8. O-O Qc7 9. Re1 b6 10. Qe2 O-O 11. Bg5 Re8 12. Ne5 Nxe5 13. dxe5 Nd5 14. Bxe7 Nxe7 15. Qh5 g6 16. Qg5 Nd5 17. Ne4 Qe7 18. Nf6+ (18. Qg3) 18... Nxf6 19. exf6 Qf8 20. Re3 h6 21. Qg3 Kh7 22. Qc7 c5 $2 23. Be4 Ba6 24. Bxa8 Rxa8 25. Rxe6 Bc4 26. Re7 g5 27. b3 Bd5 28. Rd1 Kg6 29. Rxd5 Kxf6 30. Qe5+ Kg6 31. Rd6+ Kh7 32. Qf5+ Kh8 33. Rxf7 1-0

[Event "WECU"]
[Site "?"]
[Date "2003.03.22"]
[Round "?"]
[White "Brown, D."]
[Black "Stuart, Graham"]
[Result "0-1"]
[Annotator "Graham Stuart"]
[WhiteElo "118"]
[BlackElo "144"]
[PlyCount "88"]
[GameId "262455521991"]
[EventDate "2003.03.22"]
[EventType "game"]
[WhiteTeam "Wiltshire"]
[BlackTeam "Hampshire"]

1. e4 e6 2. Nc3 d5 3. exd5 exd5 4. d4 c6 5. g3 Nf6 6. Bg2 Be7 7. Nge2 O-O 8. O-O Be6 9. Nf4 Bg4 10. f3 Bd7 11. Nd3 Na6 12. a3 Nc7 13. Ne5 Qc8 14. Bg5 Bh3 15. Bxf6 Bxf6 16. Bxh3 Qxh3 17. Ng4 Ne6 (17... Be7) 18. Nxf6+ gxf6 19. Qd2 Kh8 20. Rf2 Rg8 21. Rg2 Ng5 22. Qf4 Rg6 23. Ne2 Qh5 24. Qc7 $2 Nh3+ 25. Kh1 Qxf3 26. Nf4 Nxf4 27. Qxf4 Qxf4 28. gxf4 Re8 29. Rf2 Re4 30. c3 Kg7 (30... f5) 31. h3 Kf8 32. Kh2 Ke7 33. f5 Rg5 34. Raf1 Re3 35. Rg1 $2 Rxg1 36. Kxg1 Rxh3 37. Kg2 Rh5 38. Rf4 Rg5+ 39. Kh3 Kf8 40. Rf2 h5 41. Kh4 Kg7 42. Kh3 Rg4 43. Rg2 $2 Rxg2 44. Kxg2 Kh6 0-1

[Event "WECU"]
[Site "?"]
[Date "2001.03.10"]
[Round "?"]
[White "Stuart, Graham"]
[Black "Senior, N."]
[Result "1-0"]
[Annotator "Graham Stuart"]
[WhiteElo "142"]
[BlackElo "133"]
[PlyCount "87"]
[GameId "332912360061"]
[EventDate "2001.03.10"]
[EventType "game"]
[WhiteTeam "Hampshire"]
[BlackTeam "Somerset"]

1. e4 {8} e6 2. d4 d5 3. Nc3 dxe4 4. Nxe4 Nd7 5. Nf3 Ngf6 6. Bg5 Be7 7. Ng3 O-O 8. Bd3 b6 9. O-O Bb7 10. Re1 c5 11. c3 Qc7 12. Ne5 Nxe5 13. dxe5 Nd5 14. Qh5 g6 15. Qh4 Bxg5 16. Qxg5 Qe7 17. Qg4 f5 18. exf6 Rxf6 19. Nh5 Rf7 20. Rxe6 Qf8 21. Bxg6 hxg6 22. Qxg6+ Kh8 23. Qg5 Kh7 24. c4 $2 (24. Qh4 Kg8 25. Rg6+ Qg7 26. Rxg7+ Rxg7) 24... Ne7 25. Nf6+ (25. Rae1) 25... Rxf6 26. Rxf6 Qg7 27. Qxg7+ Kxg7 28. Rd6 Bc6 29. Re1 Kf7 30. Rxe7+ Kxe7 31. Rxc6 Rd8 32. g3 Rd1+ 33. Kg2 Rd2 34. Rc7+ Kd6 35. Rxa7 Rxb2 36. h4 Rb4 37. h5 Rxc4 38. h6 Re4 39. h7 Re8 40. Rg7 Rh8 41. Kf3 Kd5 42. Ke3 Kc4 43. g4 Kc3 44. g5 1-0

[Event "WECU"]
[Site "?"]
[Date "2001.10.13"]
[Round "?"]
[White "Stuart, Graham"]
[Black "Pegg, R."]
[Result "1/2-1/2"]
[Annotator "Graham Stuart"]
[WhiteElo "144"]
[BlackElo "172"]
[PlyCount "52"]
[GameId "333015884122"]
[EventDate "2001.10.13"]
[EventType "game"]
[WhiteTeam "Hampshire"]
[BlackTeam "Dorset"]

1. e4 d6 2. d4 Nf6 3. Nc3 c6 4. Nf3 Nbd7 5. e5 Nd5 6. Nxd5 {15} cxd5 {6} 7. e6 fxe6 8. Ng5 Nf6 9. Bb5+ Bd7 10. Nxe6 Qc8 11. Qe2 Bxb5 12. Qxb5+ Kf7 13. Ng5+ Kg8 14. Qe2 h6 15. Ne6 Kf7 16. Nf4 g5 $6 17. Nh5 Qe6 18. Qxe6+ (18. Be3) 18... Kxe6 19. Ng3 Rc8 20. c3 Ne4 21. O-O Nxg3 22. hxg3 Kf5 23. Re1 e5 24. dxe5 dxe5 25. g4+ Kf6 26. Be3 Bc5 1/2-1/2

[Event "WECU"]
[Site "?"]
[Date "2001.01.13"]
[Round "?"]
[White "Stuart, Graham"]
[Black "Champion, A."]
[Result "1/2-1/2"]
[Annotator "Graham Stuart"]
[WhiteElo "142"]
[BlackElo "134"]
[PlyCount "57"]
[GameId "332546196564"]
[EventDate "2001.01.13"]
[EventType "game"]
[WhiteTeam "Hampshire"]
[BlackTeam "Wiltshire"]

1. e4 e6 2. d4 d5 3. Nc3 Bb4 4. e5 Qd7 5. a3 Bf8 6. f4 b6 7. Nf3 Ba6 8. Bxa6 Nxa6 9. Qd3 Nb8 10. O-O Ne7 11. Nh4 g6 12. Be3 Nf5 13. Bf2 Be7 14. Qh3 (14. Nxf5 gxf5 15. Ne2) 14... Nc6 15. Nxf5 gxf5 16. b4 O-O-O 17. Qd3 Kb7 18. Rfb1 Rhg8 19. Qb5 Nb8 20. Qe2 a6 21. a4 Rg4 22. g3 Rh8 23. Kf1 $2 (23. b5 a5 24. Nd1) 23... h5 24. h4 Rhg8 25. Ke1 Nc6 26. b5 Na5 (26... Rxg3 27. bxc6+ Qxc6 28. Nd1 (28. Bxg3 $4 Qxc3+)) 27. bxa6+ Ka8 28. Qb5 Qd8 29. Ne2 $15 {3 minutes for 10 moves} 1/2-1/2

[Event "WECU"]
[Site "?"]
[Date "1999.11.06"]
[Round "?"]
[White "Stuart, Graham"]
[Black "Laker, Leonard"]
[Result "0-1"]
[Annotator "Graham Stuart"]
[WhiteElo "144"]
[BlackElo "163"]
[PlyCount "102"]
[GameId "331295051158"]
[EventDate "1999.11.06"]
[EventType "game"]
[WhiteTeam "Hampshire"]
[BlackTeam "Dorest"]

1. e4 c5 2. d4 cxd4 3. c3 dxc3 4. Nxc3 Nc6 5. Nf3 e6 6. Bc4 Qc7 7. Qe2 (7. Nb5) 7... Nf6 8. O-O Ng4 9. Rd1 $6 (9. Nb5 Qb8) 9... a6 10. Be3 Bd6 11. h3 Nxe3 12. Qxe3 O-O 13. Qd3 Bf4 14. a3 Rb8 15. b4 b5 16. Bb3 Rd8 17. Ra2 Ne5 18. Nxe5 Qxe5 19. Ne2 Bg5 20. Qd4 $2 (20. Nd4) 20... Qxd4 21. Nxd4 Bb7 22. f3 d5 23. e5 Rbc8 24. Rd3 Rc1+ 25. Kf2 Rdc8 26. Ne2 R1c6 27. f4 Be7 28. Nd4 Rc3 29. Rxc3 Rxc3 30. Rc2 Rxc2+ 31. Bxc2 g6 32. g3 Kf8 33. Bd3 Ke8 34. Ke2 Kd8 35. Kd2 Kc7 36. Kc3 Kb6 37. Kb3 Bc8 38. Kc3 Bd7 39. Kb3 f6 40. g4 fxe5 41. fxe5 Bg5 42. Nf3 Be3 43. h4 d4 44. h5 gxh5 45. gxh5 h6 46. Be4 Bc6 47. Bxc6 Kxc6 48. Kc2 Kd5 49. Kd3 Bf2 50. Ng5 hxg5 51. h6 Bg3 0-1